000
002700000a22000970004500
100
1
_a
Foulkes, Ricardo
245
1
0
_a
"Mi paz os dejo" : Leer Juan 14.27 desde América Central
300
_a
Vol. 8, Num 1 (1988), Páginas 12-17
773
0
_t
Vida y pensamiento
942
_c
ANA
999
_c
52828
_d
52828